<?xml version="1.0" encoding="UTF-8"?>
<record
    xmlns:xsi="http://www.w3.org/2001/XMLSchema-instance"
    xsi:schemaLocation="http://www.loc.gov/MARC21/slim http://www.loc.gov/standards/marcxml/schema/MARC21slim.xsd"
    xmlns="http://www.loc.gov/MARC21/slim">

  <leader>01231nam a2200277 i 4500</leader>
  <controlfield tag="001">23074</controlfield>
  <controlfield tag="003">ES-MaACL</controlfield>
  <controlfield tag="005">20250825050720.0</controlfield>
  <controlfield tag="007">t|</controlfield>
  <controlfield tag="008">021209s1941    sp           ||||1| spa d</controlfield>
  <datafield tag="100" ind1="1" ind2=" ">
    <subfield code="a">Alvarado, Salustio.</subfield>
    <subfield code="9">20597</subfield>
  </datafield>
  <datafield tag="245" ind1="1" ind2="0">
    <subfield code="a">S&#xED;ntesis de la ense&#xF1;anza media / </subfield>
    <subfield code="c">por Salustio Alvarado.</subfield>
  </datafield>
  <datafield tag="250" ind1=" " ind2=" ">
    <subfield code="a">[1&#xAA; ed.].</subfield>
  </datafield>
  <datafield tag="260" ind1=" " ind2=" ">
    <subfield code="a">Madrid : </subfield>
    <subfield code="b">[s.n., </subfield>
    <subfield code="c">1941] (</subfield>
    <subfield code="f">Gr&#xE1;fica Administrativa)</subfield>
  </datafield>
  <datafield tag="300" ind1=" " ind2=" ">
    <subfield code="a">2 v. : </subfield>
    <subfield code="b">il. ; </subfield>
    <subfield code="c">23 cm.</subfield>
  </datafield>
  <datafield tag="505" ind1="8" ind2=" ">
    <subfield code="a">Contiene: T. I: F&#xED;sica y Qu&#xED;mica / por Miguel A. Catal&#xE1;n. Ciencias naturales / por Salustio Alvarado. Lengua y Literatura / por Gonzalo Men&#xE9;ndez Pidal. -- T. II: Filosof&#xED;a / por Vicente Feliu Egidio. Geograf&#xED;a / por Mar&#xED;a Comas. Historia / por Rafael Ballester Castell y Rafael Ballester Escalas. Mat&#xE9;maticas / por Diego Mont&#xE1;&#xF1;ez</subfield>
  </datafield>
  <datafield tag="700" ind1="1" ind2=" ">
    <subfield code="a">Ballester Castell, Rafael.</subfield>
    <subfield code="9">25011</subfield>
  </datafield>
  <datafield tag="700" ind1="1" ind2=" ">
    <subfield code="a">Catal&#xE1;n, Miguel A.,</subfield>
    <subfield code="d">1894-1957</subfield>
    <subfield code="9">37026</subfield>
  </datafield>
  <datafield tag="700" ind1="1" ind2=" ">
    <subfield code="a">Men&#xE9;ndez Pidal, Gonzalo,</subfield>
    <subfield code="d">1911-2008</subfield>
    <subfield code="9">80312</subfield>
  </datafield>
  <datafield tag="700" ind1="1" ind2=" ">
    <subfield code="a">Feliu Egidio, Vicente.</subfield>
    <subfield code="9">49200</subfield>
  </datafield>
  <datafield tag="700" ind1="1" ind2=" ">
    <subfield code="a">Comas, Mar&#xED;a.</subfield>
    <subfield code="9">39939</subfield>
  </datafield>
  <datafield tag="700" ind1="1" ind2=" ">
    <subfield code="a">Ballester Escalas, R.</subfield>
    <subfield code="9">25014</subfield>
  </datafield>
  <datafield tag="700" ind1="1" ind2=" ">
    <subfield code="a">Mont&#xE1;&#xF1;ez, Diego.</subfield>
    <subfield code="9">82400</subfield>
  </datafield>
  <datafield tag="852" ind1=" " ind2=" ">
    <subfield code="a">ES-MaACL</subfield>
    <subfield code="j">E-1755-56 </subfield>
    <subfield code="b">R.22567</subfield>
  </datafield>
  <datafield tag="999" ind1=" " ind2=" ">
    <subfield code="c">23074</subfield>
    <subfield code="d">23074</subfield>
  </datafield>
  <datafield tag="952" ind1=" " ind2=" ">
    <subfield code="0">0</subfield>
    <subfield code="1">0</subfield>
    <subfield code="4">0</subfield>
    <subfield code="7">0</subfield>
    <subfield code="a">ATENEOM</subfield>
    <subfield code="b">ATENEOM</subfield>
    <subfield code="c">DEPO2</subfield>
    <subfield code="d">2008-01-17</subfield>
    <subfield code="e">SC</subfield>
    <subfield code="l">0</subfield>
    <subfield code="o">E-1755-56</subfield>
    <subfield code="p">1023773</subfield>
    <subfield code="r">2023-02-23 00:00:00</subfield>
    <subfield code="w">2023-02-23</subfield>
    <subfield code="y">MONOGRAFIA</subfield>
  </datafield>
</record>
